| 000 | 00544 a2200193 4500 | ||
|---|---|---|---|
| 005 | 20260121103135.0 | ||
| 008 | 260120b |||||||| |||| 00| 0 eng d | ||
| 020 |
_a9798888365489 _c$ 153.00 |
||
| 040 | _aMAIN | ||
| 082 |
_a579.0185 _bR911M |
||
| 100 | _aRussell, Gianni | ||
| 245 | _aMicrobiome data: Bioinformatic, computational and statistical analysis | ||
| 260 |
_bLarsan and Keller _c2025 _aNew York |
||
| 300 | _avi, 227 | ||
| 650 | _aMicroorganisms | ||
| 650 | _aBioinformatics | ||
| 650 | _aComputer Applications | ||
| 942 | _cBK | ||
| 999 |
_c395711 _d395711 |
||